Exploring confrontation : (Record no. 1348)
[ view plain ]
| 000 -LEADER | |
|---|---|
| fixed length control field | 00457nam a2200181Ia 4500 |
| 005 - DATE AND TIME OF LATEST TRANSACTION | |
| control field | 20250303021855.0 |
| 008 - FIXED-LENGTH DATA ELEMENTS--GENERAL INFORMATION | |
| fixed length control field | 240331s9999 xx 000 0 und d |
| 020 ## - INTERNATIONAL STANDARD BOOK NUMBER | |
| ISBN | 3718655063 |
| 082 ## - DDC Classification | |
| Item Number - Author Mark | ROB |
| Class No. | 954 |
| 100 ## - MAIN ENTRY--PERSONAL NAME | |
| Personal name | Roberts, M |
| 245 #0 - TITLE STATEMENT | |
| Title | Exploring confrontation : |
| Remainder of title | Sri Lanka |
| 260 ## - PUBLICATION, DISTRIBUTION, ETC. | |
| Place of publication, distribution, etc. | Switzerland |
| Name of publisher, distributor, etc. | Harwood Academic Publishers |
| Date of publication, distribution, etc. | 1994 |
| 300 ## - PHYSICAL DESCRIPTION | |
| Extent (e.g. Volumes, Pages etc.) | XXV, 377 p ., |
| 650 ## - SUBJECT ADDED ENTRY--TOPICAL TERM | |
| Topical term or geographic name entry element | Political |
| 650 ## - SUBJECT ADDED ENTRY--TOPICAL TERM | |
| Topical term or geographic name entry element | Culture |
| 650 ## - SUBJECT ADDED ENTRY--TOPICAL TERM | |
| Topical term or geographic name entry element | History |
| 942 ## - Koha item type (Biblio) | |
| Koha item type | Books in Stacks (Lending) |
| Lost status | Damaged status | Collection code | Home library | Current library | Shelving location | Date acquired | Full call number | Accession Number | Item type |
|---|---|---|---|---|---|---|---|---|---|
| Lending | WERC Library | WERC Library | Social Science Cupboard | 03/31/2024 | 954.9 ROB | 2988 | Books in Stacks (Lending) |
